Statistics for Perception #6

Click here to take the quiz!

General Stats

  • This quiz has been taken 6 times
  • The average score is 8 of 10

Answer Stats

OriginalTranslation% Correct
ColôniaColony
100%
IntensificarIntensify
100%
NominasyonNomination
100%
PeilotPilot
100%
RevolucióRevolution
100%
ExtorquirExtort
75%
OposiçãoOpposed
75%
RozšířeníExtension
50%
AwiyɔnPlane
50%
GulongTire
50%

Score Distribution

Percentile by Number Answered

Percent of People with Each Score

Your Score History

You have not taken this quiz